Dao động và sóng

Nội dung tài liệu bao gồm 5 chương giới thiệu về dao động điều hoà tự do, dao dộng tắt dần và dao động duy trì, dao động cưỡng bức, sóng cơ học, sóng điện từ và một số phụ lục.

Tallennettuna:
Bibliografiset tiedot
Päätekijä: Phạm, Quý Tư
Aineistotyyppi: Kirja
Kieli:Undetermined
Julkaistu: Hà Nội Giáo Dục 1999
Aiheet:
Tagit: Lisää tagi
Ei tageja, Lisää ensimmäinen tagi!
Thư viện lưu trữ: Trung tâm Học liệu Trường Đại học Cần Thơ
LEADER 00968nam a2200229Ia 4500
001 CTU_34279
008 210402s9999 xx 000 0 und d
020 |c 10400,10400 
082 |a 531.32 
082 |b T550 
100 |a Phạm, Quý Tư 
245 0 |a Dao động và sóng 
245 0 |c Phạm Quý Tư, Nguyễn Thị Bảo Ngọc 
260 |a Hà Nội 
260 |b Giáo Dục 
260 |c 1999 
520 |a Nội dung tài liệu bao gồm 5 chương giới thiệu về dao động điều hoà tự do, dao dộng tắt dần và dao động duy trì, dao động cưỡng bức, sóng cơ học, sóng điện từ và một số phụ lục. 
526 |a Cơ học đại cương 1,Cơ học đại cương 2 
526 |b SP133,SP134 
650 |a Oscillations,Vibration 
904 |i Duy Bằng,Duy Bằng 
980 |a Trung tâm Học liệu Trường Đại học Cần Thơ